[Event "34th Cannes Open 2020"]
[Site "Cannes FRA"]
[Date "2020.02.20"]
[EventDate "?"]
[Round "5.2"]
[Result "1/2-1/2"]
[White "G B Harshavardhan"]
[Black "D Gukesh"]
[WhiteElo "2377"]
[BlackElo "2542"]
[PlyCount "166"]

1. d4 d5 2. c4 e6 3. Nc3 Nf6 4. Nf3 Bb4 5. Qa4+ Nc6 6. Ne5 Bd7 7. Nxd7 Qxd7 8. e3 e5 9. a3 Bxc3+ 10. bxc3 O-O 11. dxe5 Ne4 12. Qc2 Nxe5 13. Be2 Nc5 14. cxd5 Qxd5 15. O-O Qe4 16. Qxe4 Nxe4 17. Bb2 Nd2 18. Rfd1 Nec4 19. Bc1 Rad8 20. Bxd2 Nxd2 21. f3 Rd6 22. Kf2 Rfd8 23. Ke1 Kf8 24. Ra2 Nb3 25. Rxd6 Rxd6 26. Rb2 Nc5 27. Rd2 Ke7 28. Rd4 Re6 29. Kf2 Re5 30. g4 Ne6 31. Rb4 b6 32. Rc4 Ra5 33. a4 Rc5 34. Rxc5 Nxc5 35. Bd1 Kd6 36. Bc2 h6 37. Ke2 Kd5 38. Kd2 a5 39. h4 g5 40. hxg5 hxg5 41. Bd1 f6 42. f4 Ke4 43. fxg5 fxg5 44. c4 Ke5 45. Bc2 Ne4+ 46. Ke2 Nf6 47. Bf5 Ne4 48. Ke1 Nd6 49. Bd3 Ne4 50. Bc2 Nf6 51. Bf5 Ne4 52. Bg6 Nd6 53. Bd3 Nf7 54. Bf5 Nh6 55. Bc8 Kd6 56. Kd2 Nf7 57. Bf5 Ne5 58. Kc3 Kc5 59. Be6 c6 60. Kb3 Nd3 61. Bd7 Kd6 62. Bf5 Nc5+ 63. Ka3 Ke5 64. Bg6 Ne4 65. Kb3 Nc5+ 66. Ka3 Ne4 67. Kb3 Nf2 68. c5 bxc5 69. Kc4 Nxg4 70. Kxc5 Nf6 71. Kxc6 g4 72. Bd3 g3 73. Bf1 Ke4 74. Bg2+ Kxe3 75. Kb5 Kf2 76. Bh1 Kg1 77. Ba8 Nd7 78. Kxa5 Ne5 79. Kb5 Kf2 80. a5 Nf3 81. Bxf3 Kxf3 82. a6 g2 83. a7 1/2-1/2

[Event "34th Cannes Open 2020"]
[Site "Cannes FRA"]
[Date "2020.02.21"]
[EventDate "?"]
[Round "7.1"]
[Result "1/2-1/2"]
[White "Chongsheng Zeng"]
[Black "D Gukesh"]
[WhiteElo "2567"]
[BlackElo "2542"]
[PlyCount "86"]

1. e4 c5 2. Nf3 Nc6 3. Bb5 g6 4. O-O Bg7 5. Re1 e5 6. a3 Nge7 7. b4 d6 8. c3 O-O 9. Bb2 h6 10. Bf1 a6 11. d3 f5 12. exf5 gxf5 13. Nbd2 Be6 14. g3 Qd7 15. Bg2 Rad8 16. Rb1 Ng6 17. c4 cxb4 18. axb4 Nxb4 19. Qb3 Nc6 20. Qb6 d5 21. Nb3 dxc4 22. Nc5 Qf7 23. Nxb7 Rxd3 24. Nc5 Rd6 25. Rbd1 Bd5 26. Nxe5 Bxe5 27. Bxe5 Ngxe5 28. Rxe5 Bxg2 29. Rxd6 Nxe5 30. f4 Ng4 31. Kxg2 c3 32. Qxa6 c2 33. Nd3 Re8 34. Nc1 Ne3+ 35. Kg1 Ng4 36. Kg2 Qh5 37. h3 Ne3+ 38. Kh2 Ng4+ 39. Kg2 Ne3+ 40. Kh2 Re7 41. Re6 Ng4+ 42. Kg2 Ne3+ 43. Kh2 1/2-1/2

[Event "34th Cannes Open 2020"]
[Site "Cannes FRA"]
[Date "2020.02.22"]
[EventDate "?"]
[Round "8.3"]
[Result "1-0"]
[White "D Gukesh"]
[Black "Di Nicolantonio, Lucas"]
[WhiteElo "2542"]
[BlackElo "2417"]
[PlyCount "144"]

1. Nf3 d5 2. g3 Nd7 3. d4 Nb6 4. b3 Bf5 5. Bg2 e6 6. O-O c6 7. Nbd2 Be7 8. c4 Nf6 9. Bb2 O-O 10. Rc1 Ne4 11. Ne5 Nxd2 12. Qxd2 Nd7 13. Nd3 a5 14. c5 Bg5 15. e3 Bf6 16. h3 Bxd3 17. Qxd3 e5 18. e4 dxe4 19. Bxe4 exd4 20. Bxh7+ Kh8 21. Be4 Re8 22. Rfe1 Re6 23. Kf1 Nf8 24. Qf3 Re5 25. Kg2 Kg8 26. Bd3 Qe7 27. Rxe5 Qxe5 28. Kf1 Rd8 29. Ba3 Ne6 30. Re1 Qg5 31. Qe4 Nf8 32. Re2 Rd5 33. h4 Qh5 34. Qf4 Be5 35. Qd2 Bxg3 36. fxg3 Qf3+ 37. Kg1 Qxg3+ 38. Rg2 Qxh4 39. Qf2 Qh5 40. Bc4 Rf5 41. Qxd4 Rg5 42. Bb2 Rxg2+ 43. Kxg2 Qg5+ 44. Kf3 Ne6 45. Bxe6 fxe6 46. Qg4 Qh6 47. Be5 a4 48. b4 Kh7 49. Ke2 g5 50. Qe4+ Kg8 51. Qd3 Qh5+ 52. Kf2 Qf7+ 53. Kg3 Qf5 54. Qxf5 exf5 55. Bf6 Kf7 56. Bxg5 Ke6 57. Kf4 Kd5 58. Kxf5 Kc4 59. Ke6 Kxb4 60. Kd6 Kb5 61. Be3 Ka6 62. Kc7 Ka7 63. Bd4 a3 64. Be3 Ka8 65. Kb6 Kb8 66. Bc1 Ka8 67. Bxa3 Kb8 68. Bc1 Ka8 69. a4 Kb8 70. a5 Ka8 71. a6 Kb8 72. Bf4+ 1-0

[Event "34th Cannes Open 2020"]
[Site "Cannes FRA"]
[Date "2020.02.23"]
[EventDate "?"]
[Round "9.1"]
[Result "1-0"]
[White "D Gukesh"]
[Black "Harutyun Barseghyan"]
[WhiteElo "2542"]
[BlackElo "2448"]
[PlyCount "100"]

1. c4 Nf6 2. Nc3 e5 3. g3 Bb4 4. e4 Bxc3 5. dxc3 d6 6. f3 a5 7. Nh3 Na6 8. Nf2 Nc5 9. Be3 Be6 10. Qc2 a4 11. f4 b6 12. f5 Bd7 13. Bg2 Qc8 14. O-O Qa6 15. Rfe1 Bc6 16. Bg5 Nfd7 17. Qe2 b5 18. cxb5 Qxb5 19. c4 Qb7 20. Rab1 Rb8 21. Bd2 Qa6 22. g4 h6 23. h4 Rb6 24. Bf3 Qb7 25. Ba5 Ra6 26. Bc3 g6 27. Qe3 Rb6 28. Kh2 Kd8 29. Nh1 Qa6 30. Ng3 Kc8 31. Rf1 Rh7 32. Rf2 Qxc4 33. Rd1 Nf6 34. Be2 Ncxe4 35. fxg6 fxg6 36. Nxe4 Qxe4 37. Qg3 Nd5 38. Ba5 Ne3 39. Re1 Rxb2 40. Ba6+ Kd8 41. Rxb2 Nxg4+ 42. Kh3 Qd5 43. Rb8+ Ke7 44. Bxc7 Bd7 45. Bd8+ Kf7 46. Rb7 Ke8 47. Bb6 Rf7 48. Rb8+ Ke7 49. Bd8+ Kf8 50. Bf6+ 1-0

[Event "Vidit Tour KO 2021"]
[Site "chess24.com INT"]
[Date "2021.03.04"]
[EventDate "?"]
[Round "1.1"]
[Result "1/2-1/2"]
[White "D Gukesh"]
[Black "Vishnu Prasanna V"]
[WhiteElo "2563"]
[BlackElo "2476"]
[PlyCount "132"]

1. d4 Nf6 2. Nf3 d5 3. Bf4 Bf5 4. e3 e6 5. c4 Nc6 6. Nc3 Bb4 7. Rc1 Ne4 8. Qa4 O-O 9. cxd5 exd5 10. Bb5 Bxc3+ 11. bxc3 Ne7 12. Be2 c5 13. Qa3 Ng6 14. Bg3 c4 15. Nd2 Re8 16. Qb2 Nh4 17. O-O Nxd2 18. Qxd2 Be4 19. f3 Bg6 20. e4 dxe4 21. fxe4 Rxe4 22. Bxc4 Nf5 23. Bf4 Qd7 24. Bd3 Ree8 25. Be5 f6 26. Bf4 Rac8 27. Rce1 Rxe1 28. Rxe1 Nd6 29. Bxg6 hxg6 30. Bxd6 Qxd6 31. Qd3 Kf7 32. Qe4 Qc6 33. d5 Qd6 34. h3 b6 35. c4 f5 36. Qe2 Kg8 37. Kh1 Kf7 38. a4 Qd7 39. Qd3 Re8 40. Rxe8 Qxe8 41. Qg3 Qe4 42. Qc7+ Kg8 43. Kh2 Qe3 44. Qg3 Qe4 45. d6 Qd4 46. Qxg6 Qe5+ 47. Qg3 f4 48. Qf3 Qxd6 49. h4 a5 50. h5 Kh8 51. Qa8+ Kh7 52. Qe4+ Kh8 53. Kh3 Qa3+ 54. Kg4 Qxa4 55. Kxf4 Qd7 56. Qd5 Qc7+ 57. Kf5 Qg3 58. Qd8+ Kh7 59. Qxb6 Qd3+ 60. Ke5 Qe2+ 61. Kd6 a4 62. Qb1+ Kh8 63. Qb8+ Kh7 64. Qb1+ Kh8 65. Qb8+ Kh7 66. Qb1+ 1/2-1/2

[Event "Vidit Tour KO 2021"]
[Site "chess24.com INT"]
[Date "2021.03.04"]
[EventDate "?"]
[Round "1.3"]
[Result "1-0"]
[White "D Gukesh"]
[Black "Vishnu Prasanna V"]
[WhiteElo "2563"]
[BlackElo "2476"]
[PlyCount "112"]

1. Nf3 Nf6 2. g3 g6 3. Bg2 Bg7 4. O-O O-O 5. d4 d6 6. c4 Nbd7 7. Nc3 e5 8. Qc2 exd4 9. Nxd4 Nb6 10. b3 c5 11. Nf3 Bf5 12. Qd2 d5 13. Nh4 Be6 14. cxd5 Nfxd5 15. Nxd5 Bxd5 16. Rb1 Bxg2 17. Nxg2 Qxd2 18. Bxd2 Rfe8 19. Rfe1 Nd5 20. Rbc1 b6 21. e4 Ne7 22. Nf4 Rad8 23. Rcd1 h6 24. Kg2 Nc6 25. Nd5 Kh7 26. Bf4 Re6 27. f3 Bd4 28. h4 Kg7 29. a3 f5 30. Nc7 Re7 31. exf5 Rxe1 32. Rxe1 Rd7 33. Ne8+ Kf7 34. Nd6+ Kg7 35. Re6 Ne7 36. h5 gxf5 37. Bxh6+ Kh7 38. Bg5 Nd5 39. Nxf5 Bh8 40. Rh6+ Kg8 41. Rg6+ Kh7 42. g4 b5 43. Rc6 c4 44. bxc4 bxc4 45. Rxc4 Rc7 46. Rxc7+ Nxc7 47. Kg3 Nb5 48. a4 Nc3 49. a5 a6 50. Bd2 Ne2+ 51. Kf2 Nd4 52. Nxd4 Bxd4+ 53. Ke2 Bc5 54. Kd3 Kg7 55. Kc4 Kf7 56. Kxc5 1-0

[Event "Vidit Tour KO 2021"]
[Site "chess24.com INT"]
[Date "2021.03.04"]
[EventDate "?"]
[Round "1.2"]
[Result "1/2-1/2"]
[White "Vishnu Prasanna V"]
[Black "D Gukesh"]
[WhiteElo "2476"]
[BlackElo "2563"]
[PlyCount "56"]

1. c4 e6 2. g3 d5 3. Bg2 Nf6 4. Nf3 dxc4 5. Qa4+ Nbd7 6. Qxc4 a6 7. Qb3 c5 8. a4 Bd6 9. O-O O-O 10. Nc3 Qc7 11. a5 c4 12. Qa2 Ne5 13. Nxe5 Bxe5 14. b3 Bd7 15. bxc4 Bxc3 16. dxc3 Bc6 17. Bf4 Qc8 18. Rfd1 Bxg2 19. Kxg2 Re8 20. Be5 Ng4 21. Bd4 e5 22. Bb6 e4 23. Qa4 Ne5 24. Rd4 Qg4 25. Qc2 Nf3 26. Rd5 Rac8 27. Rad1 Ne5 28. h3 Qg6 1/2-1/2

[Event "Vidit Tour KO 2021"]
[Site "chess24.com INT"]
[Date "2021.03.05"]
[EventDate "?"]
[Round "2.1"]
[Result "1-0"]
[White "D Gukesh"]
[Black "Guha Mitrabha"]
[WhiteElo "2563"]
[BlackElo "2445"]
[PlyCount "114"]

1. e4 c6 2. d4 d5 3. e5 Bf5 4. Nf3 e6 5. Be2 Ne7 6. c3 Nd7 7. O-O c5 8. dxc5 Nxc5 9. Nd4 a6 10. Nxf5 Nxf5 11. Nd2 Ne7 12. Nf3 Nc6 13. h4 Be7 14. h5 h6 15. Bf4 Qb6 16. b4 Ne4 17. Rc1 Ng5 18. Nd2 Qc7 19. Bh2 Rd8 20. f4 Ne4 21. Nxe4 dxe4 22. Qc2 e3 23. Qe4 Rd2 24. Qxe3 Rxa2 25. Bd3 a5 26. Kh1 Rb2 27. b5 Nb8 28. Qg3 O-O 29. Qe3 Nd7 30. Qe4 f5 31. exf6 Nxf6 32. Qxe6+ Kh8 33. Bg6 Bc5 34. f5 Qd8 35. Rcd1 Rd2 36. Qe1 Rxd1 37. Qxd1 Qxd1 38. Rxd1 a4 39. Bg1 Bxg1 40. Kxg1 a3 41. Ra1 Ra8 42. c4 Nd7 43. c5 Nxc5 44. Bf7 b6 45. Bd5 Rd8 46. Bc4 Rd4 47. Bf7 Rd7 48. Bc4 Ra7 49. Bd5 Nd3 50. Bc4 Nb4 51. Kf2 Rc7 52. Be6 a2 53. Rd1 Rc2+ 54. Ke3 Rc3+ 55. Ke4 g6 56. f6 Rd3 57. hxg6 1-0

[Event "Vidit Tour KO 2021"]
[Site "chess24.com INT"]
[Date "2021.03.05"]
[EventDate "?"]
[Round "2.2"]
[Result "1/2-1/2"]
[White "Guha Mitrabha"]
[Black "D Gukesh"]
[WhiteElo "2445"]
[BlackElo "2563"]
[PlyCount "60"]

1. d4 d5 2. c4 e6 3. Nf3 Nf6 4. Nc3 Be7 5. Bg5 O-O 6. e3 Nbd7 7. Qc2 h6 8. Bh4 c5 9. cxd5 Nxd5 10. Bxe7 Qxe7 11. Nxd5 exd5 12. dxc5 Nxc5 13. Be2 Bg4 14. Nd4 Bxe2 15. Qxe2 Ne6 16. Qd2 Qf6 17. Rd1 Rac8 18. O-O Nxd4 19. Qxd4 Qxd4 20. Rxd4 Rc2 21. Rb4 b6 22. Rd1 Rfc8 23. Kf1 R8c6 24. h4 R6c4 25. Rb5 Rxh4 26. Kg1 g6 27. a3 Rh5 28. f3 Re5 29. e4 Rg5 30. g4 dxe4 1/2-1/2

[Event "Vidit Tour KO 2021"]
[Site "chess24.com INT"]
[Date "2021.03.06"]
[EventDate "?"]
[Round "3.2"]
[Result "1-0"]
[White "D Gukesh"]
[Black "NarayananSL"]
[WhiteElo "2563"]
[BlackElo "2618"]
[PlyCount "102"]

1. d4 Nf6 2. Nf3 d5 3. Bf4 e6 4. e3 Bd6 5. Nbd2 c5 6. c3 Qc7 7. Bxd6 Qxd6 8. Ne5 O-O 9. Bd3 b6 10. f4 Ba6 11. Bc2 Nc6 12. g4 Rac8 13. a3 Nd7 14. Ndf3 Ndxe5 15. fxe5 Qe7 16. g5 Na5 17. Rg1 g6 18. Kf2 Nc4 19. Rb1 b5 20. Bd3 b4 21. axb4 cxb4 22. Qa4 Bb7 23. Qxb4 Qc7 24. b3 a5 25. Qa4 Bc6 26. Qa2 Nb6 27. Rgc1 a4 28. bxa4 Nxa4 29. Rb4 Bd7 30. c4 Qa5 31. Qa3 dxc4 32. Rcxc4 Rxc4 33. Bxc4 Bc6 34. Bb3 Ra8 35. Bxa4 Bxa4 36. Nd2 Kg7 37. Nc4 Qa6 38. Nd6 Qc6 39. e4 Qc2+ 40. Kg3 Qd1 41. Qe3 Bc6 42. Rc4 Ra2 43. Rc1 Qh5 44. h4 Bd7 45. Qf4 Ra3+ 46. Kf2 Ra2+ 47. Kg1 f5 48. exf6+ Kf8 49. Nc4 Qe2 50. Qd6+ Kg8 51. Qb8+ 1-0

[Event "Vidit Tour KO 2021"]
[Site "chess24.com INT"]
[Date "2021.03.06"]
[EventDate "?"]
[Round "3.1"]
[Result "1-0"]
[White "NarayananSL"]
[Black "D Gukesh"]
[WhiteElo "2618"]
[BlackElo "2563"]
[PlyCount "162"]

1. e4 c6 2. Nc3 d5 3. Nf3 dxe4 4. Nxe4 Nf6 5. Qe2 Na6 6. Nxf6+ gxf6 7. d3 Bg4 8. h3 Bh5 9. g4 Bg6 10. Bd2 e6 11. Nh4 Nb4 12. Bxb4 Bxb4+ 13. c3 Bd6 14. O-O-O f5 15. Nxg6 hxg6 16. Bg2 Qg5+ 17. Kb1 O-O-O 18. d4 Rh4 19. f3 Qf6 20. a3 Rhh8 21. Qc2 Kb8 22. Rd3 Bf4 23. Rhd1 Rd6 24. Ka2 Rhd8 25. Bf1 Rd5 26. Qa4 R8d7 27. Be2 Qd8 28. Qc2 Qf6 29. a4 Qd8 30. Bf1 Qb6 31. Rb1 c5 32. dxc5 Qxc5 33. Rbd1 Qc4+ 34. Qb3 Qxb3+ 35. Kxb3 Rxd3 36. Bxd3 Kc7 37. Kc2 Rd8 38. b4 Be5 39. a5 Rh8 40. Bf1 Rd8 41. Rxd8 Kxd8 42. c4 Kc7 43. h4 fxg4 44. fxg4 f5 45. h5 gxh5 46. gxh5 Bg7 47. c5 Bh6 48. Kb3 Bg5 49. b5 Be3 50. Kc4 a6 51. b6+ Kb8 52. Bg2 Bd2 53. c6 bxc6 54. Bxc6 Kc8 55. Bg2 Kb8 56. Bh3 Kb7 57. Bf1 Kb8 58. Bg2 Kc8 59. Bc6 e5 60. Bd5 Kd7 61. Bb7 e4 62. Bxa6 e3 63. Kd3 Bxa5 64. b7 Kc7 65. h6 e2 66. Kxe2 Bc3 67. h7 Be5 68. Kd3 Bh8 69. Kc4 Bg7 70. Kd5 Bh8 71. Kc4 Bg7 72. Kd3 Bh8 73. Ke2 Bg7 74. Kf3 Be5 75. Kg2 Bf6 76. Kg3 Be5+ 77. Kh4 f4 78. Kg4 Kb8 79. Kf5 Bh8 80. Kxf4 Ka7 81. Kf5 1-0

[Event "Vidit Tour KO 2021"]
[Site "chess24.com INT"]
[Date "2021.03.06"]
[EventDate "?"]
[Round "3.3"]
[Result "0-1"]
[White "NarayananSL"]
[Black "D Gukesh"]
[WhiteElo "2618"]
[BlackElo "2563"]
[PlyCount "76"]

1. e4 c6 2. d4 d5 3. exd5 cxd5 4. Bd3 Nf6 5. c3 Bg4 6. Qb3 Qc7 7. h3 Bd7 8. Nf3 e6 9. Ne5 Bd6 10. f4 O-O 11. O-O Ne4 12. Be3 f5 13. Nd2 Nc6 14. Ndf3 Nxe5 15. dxe5 Bc5 16. Rfe1 b5 17. Bxc5 Qxc5+ 18. Nd4 Rab8 19. a3 a5 20. Bxe4 fxe4 21. f5 Rxf5 22. Qc2 Rxe5 23. b4 Qd6 24. Qd2 a4 25. Rf1 e3 26. Qe1 Re4 27. Rd1 e5 28. Ne2 Rf8 29. Rxf8+ Qxf8 30. Rxd5 Be6 31. Rc5 Bc4 32. Ng3 e2 33. Kh2 Re3 34. Nh5 g6 35. Qh4 e1=Q 36. Nf6+ Qxf6 37. Qxf6 Qg3+ 38. Kg1 Re1+ 0-1

[Event "Vidit Tour KO 2021"]
[Site "chess24.com INT"]
[Date "2021.03.07"]
[EventDate "?"]
[Round "4.1"]
[Result "1/2-1/2"]
[White "D Gukesh"]
[Black "Ghosh Aronyak"]
[WhiteElo "2563"]
[BlackElo "2436"]
[PlyCount "76"]

1. d4 d5 2. c4 dxc4 3. Nf3 Nf6 4. Qa4+ c6 5. Qxc4 Bf5 6. g3 e6 7. Bg2 Nbd7 8. O-O Be7 9. e3 O-O 10. Qe2 c5 11. Rd1 Qb6 12. Nc3 Ne4 13. Nxe4 Bxe4 14. Ne5 Bxg2 15. Nxd7 Qc6 16. Ne5 Qd5 17. f3 cxd4 18. f4 f6 19. Rxd4 fxe5 20. Rxd5 Bxd5 21. e4 Bc6 22. Qc4 exf4 23. Bxf4 Kh8 24. Rf1 a6 25. Be3 Rxf1+ 26. Qxf1 Bxe4 27. Bd4 Rf8 28. Qe2 Bd5 29. Qg4 Bf6 30. Bxf6 Rxf6 31. Qd4 h6 32. b3 Kh7 33. Qd3+ Kh8 34. h3 Rf3 35. Qg6 Rf6 36. Qd3 Rf3 37. Qg6 Rf6 38. Qd3 1/2-1/2

[Event "Vidit Tour KO 2021"]
[Site "chess24.com INT"]
[Date "2021.03.07"]
[EventDate "?"]
[Round "4.3"]
[Result "1/2-1/2"]
[White "D Gukesh"]
[Black "Ghosh Aronyak"]
[WhiteElo "2563"]
[BlackElo "2436"]
[PlyCount "94"]

1. Nf3 d5 2. g3 Nf6 3. Bg2 Nbd7 4. O-O e5 5. d3 Bd6 6. Qe1 O-O 7. e4 c6 8. Nh4 Re8 9. Nc3 Nb6 10. Bg5 Be7 11. Nf3 h6 12. Bd2 Bf8 13. h3 dxe4 14. Nxe4 Nxe4 15. dxe4 Qc7 16. b3 Nd7 17. Bc3 Nc5 18. Qe3 f6 19. Nh4 Ne6 20. Rad1 Bc5 21. Qe2 Qf7 22. Nf5 Nc7 23. a4 Bxf5 24. exf5 Nd5 25. Bb2 Bd4 26. Bxd5 cxd5 27. Bxd4 exd4 28. Qb5 a6 29. Qb4 Re4 30. Rxd4 Rae8 31. Rfd1 Qh5 32. Qxb7 R8e5 33. Rxd5 Qf3 34. Rd8+ Kh7 35. Rf1 Qxf5 36. Qc8 Re6 37. Kg2 Re2 38. Rh8+ Kg6 39. Qg8 Qxc2 40. Qh7+ Kf7 41. Qg8+ Kg6 42. h4 Qc6+ 43. Kg1 Re1 44. Qh7+ Kf7 45. Qg8+ Kg6 46. Qh7+ Kf7 47. Qg8+ Kg6 1/2-1/2

[Event "Vidit Tour KO 2021"]
[Site "chess24.com INT"]
[Date "2021.03.07"]
[EventDate "?"]
[Round "4.5"]
[Result "1-0"]
[White "D Gukesh"]
[Black "Ghosh Aronyak"]
[WhiteElo "2563"]
[BlackElo "2436"]
[PlyCount "96"]

1. Nf3 c5 2. g3 g6 3. Bg2 Bg7 4. O-O Nc6 5. c3 e5 6. e4 Nge7 7. a3 d6 8. b4 O-O 9. d3 b6 10. b5 Na5 11. c4 h6 12. Nc3 Be6 13. Nd5 Nxd5 14. cxd5 Bd7 15. a4 a6 16. Rb1 axb5 17. axb5 Qe8 18. Be3 Bxb5 19. Nh4 c4 20. Qd2 cxd3 21. Qb4 Ba6 22. Rfc1 Rb8 23. Bh3 Bc8 24. Bf1 Ba6 25. Bxb6 d2 26. Qxd2 Bxf1 27. Kxf1 Qa4 28. Qxa5 Qxe4 29. Kg1 Rfc8 30. Re1 Qc4 31. Be3 Ra8 32. Qd2 Ra2 33. Qd1 Rc2 34. Rc1 Qa2 35. Rxc2 Rxc2 36. Qb1 Qa5 37. Qxc2 Qxe1+ 38. Kg2 Bf6 39. Nf3 Qa5 40. Qd3 Kg7 41. h4 Be7 42. h5 f5 43. hxg6 e4 44. Bd4+ Kxg6 45. Qe3 exf3+ 46. Qxf3 Bf6 47. Be3 Qc5 48. Bxc5 1-0

[Event "Vidit Tour KO 2021"]
[Site "chess24.com INT"]
[Date "2021.03.07"]
[EventDate "?"]
[Round "4.2"]
[Result "1/2-1/2"]
[White "Ghosh Aronyak"]
[Black "D Gukesh"]
[WhiteElo "2436"]
[BlackElo "2563"]
[PlyCount "70"]

1. Nf3 Nf6 2. g3 g6 3. b3 Bg7 4. Bb2 d6 5. d4 O-O 6. Bg2 c5 7. c4 Ne4 8. Nfd2 Ng5 9. e3 Nc6 10. h4 Ne6 11. Bxc6 bxc6 12. Nf3 d5 13. Nbd2 Ba6 14. Qc2 dxc4 15. Nxc4 Qd5 16. e4 Qh5 17. Nfe5 Nxd4 18. Bxd4 cxd4 19. g4 Qh6 20. Nd3 f5 21. gxf5 gxf5 22. e5 Kh8 23. f4 Rg8 24. h5 Qe6 25. O-O-O Bxc4 26. Qxc4 Qxc4+ 27. bxc4 Bh6 28. Rhg1 Rg4 29. Rxg4 fxg4 30. Rg1 Rg8 31. Kd2 g3 32. Ke2 Rg4 33. Kf3 Rh4 34. Kxg3 Rxh5 35. Rb1 Kg7 1/2-1/2

[Event "Vidit Tour KO 2021"]
[Site "chess24.com INT"]
[Date "2021.03.07"]
[EventDate "?"]
[Round "4.4"]
[Result "1/2-1/2"]
[White "Ghosh Aronyak"]
[Black "D Gukesh"]
[WhiteElo "2436"]
[BlackElo "2563"]
[PlyCount "58"]

1. Nf3 Nf6 2. g3 g6 3. b3 Bg7 4. Bb2 d6 5. d4 O-O 6. Bg2 Nbd7 7. O-O c6 8. Nbd2 Qc7 9. e4 e5 10. Re1 exd4 11. Nxd4 Nc5 12. Qf3 Ng4 13. h3 Ne6 14. hxg4 Nxd4 15. Bxd4 Bxd4 16. Rad1 Bg7 17. Nc4 Be6 18. Ne3 Qa5 19. a4 Qc5 20. Rd3 Rad8 21. Qd1 a5 22. Qd2 Rfe8 23. Rd1 Bh6 24. Bf3 Bg5 25. Qc3 Qe5 26. Nc4 Qxc3 27. Rxc3 Bf6 28. Rcd3 Bxc4 29. bxc4 Kg7 1/2-1/2

[Event "TCh-BAN Premier 2021"]
[Site "Dhaka BAN"]
[Date "2021.03.21"]
[EventDate "?"]
[Round "3.5"]
[Result "1-0"]
[White "D Gukesh"]
[Black "Sohel Chowdhury"]
[WhiteElo "2563"]
[BlackElo "2149"]
[PlyCount "52"]

1. d4 d5 2. Nf3 Nf6 3. Bf4 e6 4. e3 Bd6 5. Nbd2 c5 6. dxc5 Bxf4 7. exf4 Qa5 8. c3 Qxc5 9. Bd3 Nc6 10. Qe2 O-O 11. O-O Qb6 12. Nb3 a6 13. Rfe1 Qc7 14. Ne5 b5 15. Qe3 Bb7 16. a4 bxa4 17. Rxa4 Nb8 18. Nc5 Bc8 19. b4 Nfd7 20. Nxe6 fxe6 21. Bxh7+ Kxh7 22. Qh3+ Kg8 23. Qxe6+ Kh7 24. Re3 Rf6 25. Rh3+ Rh6 26. Rxh6+ 1-0

[Event "TCh-BAN Premier 2021"]
[Site "Dhaka BAN"]
[Date "2021.03.22"]
[EventDate "?"]
[Round "4.1"]
[Result "0-1"]
[White "Ahamed Minhazuddin"]
[Black "D Gukesh"]
[WhiteElo "2295"]
[BlackElo "2563"]
[PlyCount "78"]

1. e4 c6 2. d4 d5 3. Nd2 dxe4 4. Nxe4 Nf6 5. Nxf6+ exf6 6. c3 Bd6 7. Bd3 O-O 8. Ne2 Re8 9. Qc2 h5 10. Be3 Nd7 11. O-O h4 12. h3 Nf8 13. Rae1 Bb8 14. Qc1 Ng6 15. f4 f5 16. Bd2 Be6 17. Qc2 Qd7 18. Nc1 Bc7 19. Be2 c5 20. Nb3 Qa4 21. Bd3 cxd4 22. Nxd4 Qxc2 23. Nxc2 Rad8 24. Nd4 Bb6 25. Be3 Bxa2 26. Bxf5 Bc4 27. Rf2 Ne7 28. Be4 Bd5 29. Bc2 Nc6 30. Rfe2 Bc4 31. Nxc6 Bxe2 32. Bxb6 Rd2 33. Nd4 axb6 34. b4 Bb5 35. Rxe8+ Bxe8 36. Be4 Kf8 37. Bxb7 Rd3 38. Ne2 Bb5 39. Bf3 Rxf3 0-1

[Event "AICF World Cup Qualifier"]
[Site "Tornelo INT"]
[Date "2021.05.26"]
[EventDate "?"]
[Round "2.1"]
[Result "1-0"]
[White "D Gukesh"]
[Black "C Revanth Gopala Krishna"]
[WhiteElo "2578"]
[BlackElo "2478"]
[PlyCount "72"]

1. d4 Nf6 2. Nf3 d6 3. c4 Nbd7 4. Nc3 e5 5. g3 Be7 6. Bg2 O-O 7. O-O c6 8. e4 a6 9. a4 a5 10. h3 Re8 11. Qc2 Bf8 12. Be3 exd4 13. Nxd4 Nc5 14. Rad1 Qb6 15. Rfe1 Bd7 16. f4 Qb4 17. Na2 Qb6 18. Nc3 Qb4 19. b3 Rad8 20. Bf2 Bc8 21. g4 Qb6 22. e5 dxe5 23. fxe5 Bxg4 24. hxg4 Nxg4 25. Nf5 Nxf2 26. Qxf2 Qxb3 27. Nd6 Bxd6 28. exd6 Ne6 29. Ne4 Qxc4 30. Rf1 Rf8 31. d7 Qxa4 32. Rd6 Qb4 33. Qh4 Qb6+ 34. Kh1 a4 35. Rd3 Qc7 36. Rg3 1-0

[Event "AICF World Cup Qualifier"]
[Site "Tornelo INT"]
[Date "2021.05.26"]
[EventDate "?"]
[Round "1.7"]
[Result "0-1"]
[White "Singhania Vatsal"]
[Black "D Gukesh"]
[WhiteElo "2371"]
[BlackElo "2578"]
[PlyCount "100"]

1. e4 c5 2. Nf3 Nc6 3. d4 cxd4 4. Nxd4 Nf6 5. Nc3 d6 6. Be2 e5 7. Nf3 h6 8. O-O Be7 9. Re1 O-O 10. h3 Be6 11. Bf1 Rc8 12. Nd5 Bxd5 13. exd5 Nb8 14. c4 Nbd7 15. b4 Re8 16. Be3 b6 17. Nh4 Bf8 18. Nf5 h5 19. Qf3 g6 20. Nh6+ Kg7 21. Bg5 Be7 22. Qg3 h4 23. Qxh4 Rh8 24. f4 Ng8 25. Nxf7 Rxh4 26. Nxd8 Bxd8 27. Bxh4 Bxh4 28. Rec1 exf4 29. a4 Bf6 30. Ra2 Bd4+ 31. Kh2 Ngf6 32. a5 Ng4+ 33. Kh1 Nf2+ 34. Kh2 Ne5 35. Be2 g5 36. axb6 axb6 37. Ra7+ Kf6 38. g4 Rh8 39. Kg2 Rxh3 40. Rf1 Rg3+ 41. Kh2 Nexg4+ 42. Bxg4 Nxg4+ 43. Kh1 Rh3+ 44. Kg2 Rh2+ 45. Kf3 Kf5 46. Rf7+ Bf6 47. Rxf6+ Nxf6 48. Rg1 g4+ 49. Rxg4 Nxg4 50. c5 Ne5# 0-1

[Event "AICF World Cup Qualifier"]
[Site "Tornelo INT"]
[Date "2021.05.26"]
[EventDate "?"]
[Round "3.8"]
[Result "0-1"]
[White "Surya Shekhar Ganguly"]
[Black "D Gukesh"]
[WhiteElo "2625"]
[BlackElo "2578"]
[PlyCount "108"]

1. e4 c6 2. Nc3 d5 3. Nf3 dxe4 4. Nxe4 Nf6 5. Qe2 Nxe4 6. Qxe4 Nd7 7. Bc4 Nf6 8. Ne5 e6 9. Qe2 b5 10. Bb3 Qc7 11. d4 Bd6 12. O-O O-O 13. c3 c5 14. Re1 c4 15. Bc2 Bb7 16. Bg5 Nd5 17. Qh5 g6 18. Qg4 f6 19. Nxg6 hxg6 20. Bh6 Qh7 21. Qxe6+ Rf7 22. Qxd6 Qxh6 23. Be4 Qf8 24. Qg3 Rg7 25. a4 b4 26. a5 a6 27. Qf3 Qd6 28. Qe2 Rc8 29. cxb4 Qxb4 30. h4 Qd6 31. Rac1 Nf4 32. Qf3 Bxe4 33. Rxe4 Nd5 34. Qe2 Qc7 35. h5 g5 36. Re8+ Kh7 37. Qe4+ Kh6 38. Rxc8 Qxc8 39. Qxd5 Re7 40. Kf1 Qg4 41. Qf3 Qxd4 42. g4 Re4 43. Qf5 Kg7 44. Qg6+ Kf8 45. Qh6+ Kg8 46. Qg6+ Kf8 47. Qh6+ Ke8 48. Qg6+ Kd8 49. Qg8+ Kc7 50. Qf7+ Kc6 51. f3 Qd3+ 52. Kg2 Re2+ 53. Kg3 Qd6+ 54. Kh3 Qh2# 0-1

[Event "AICF World Cup Qualifier"]
[Site "Tornelo INT"]
[Date "2021.05.27"]
[EventDate "?"]
[Round "5.8"]
[Result "1/2-1/2"]
[White "D Gukesh"]
[Black "Raja Rithvik R"]
[WhiteElo "2578"]
[BlackElo "2408"]
[PlyCount "130"]

1. d4 Nf6 2. Nf3 d5 3. c4 e6 4. Nc3 Bb4 5. Bg5 h6 6. Bxf6 Qxf6 7. Qa4+ Nc6 8. e3 O-O 9. Be2 dxc4 10. O-O Bd6 11. Qxc4 e5 12. Ne4 Qg6 13. Nxd6 cxd6 14. dxe5 dxe5 15. Rfd1 Qf6 16. Bd3 Be6 17. Qa4 Bd5 18. Bh7+ Kxh7 19. Rxd5 Rfd8 20. Rad1 Rxd5 21. Rxd5 Rd8 22. Qe4+ Kg8 23. h3 Rxd5 24. Qxd5 Qe7 25. a3 Kf8 26. Kf1 Qc7 27. Ke2 Ke7 28. Nd2 Qd6 29. Qb5 Qd7 30. Ke1 Qc7 31. b4 Nd8 32. Ke2 Ne6 33. g4 f6 34. Qd5 Qd7 35. Qe4 Kf7 36. h4 a6 37. f3 Qb5+ 38. Nc4 Ke7 39. Kd2 Qd7+ 40. Kc3 Nc7 41. Kc2 Qd5 42. Qxd5 Nxd5 43. Kd3 Ke6 44. h5 Ne7 45. Na5 b6 46. Nc4 b5 47. Nd2 Kd5 48. Nf1 Ke6 49. Ng3 f5 50. gxf5+ Nxf5 51. Ne4 Kd5 52. Nc5 Ng3 53. Nxa6 Nxh5 54. Nc7+ Kc6 55. Ne6 Kd6 56. Nc5 Nf6 57. a4 bxa4 58. Nxa4 h5 59. Nc3 h4 60. Ke2 Kc6 61. Kf2 g5 62. Kg2 Nd5 63. b5+ Kc5 64. Ne4+ Kxb5 65. Nxg5 Nxe3+ 1/2-1/2

[Event "AICF World Cup Qualifier"]
[Site "Tornelo INT"]
[Date "2021.05.27"]
[EventDate "?"]
[Round "7.7"]
[Result "1/2-1/2"]
[White "D Gukesh"]
[Black "Deep Sengupta"]
[WhiteElo "2578"]
[BlackElo "2527"]
[PlyCount "126"]

1. d4 e6 2. Nf3 f5 3. c4 Nf6 4. g3 g6 5. Bg2 Bg7 6. O-O O-O 7. Nc3 d6 8. Re1 Ne4 9. Qc2 Nxc3 10. bxc3 e5 11. e4 Nc6 12. exf5 Bxf5 13. Qb3 Rb8 14. c5+ Kh8 15. cxd6 cxd6 16. dxe5 dxe5 17. Ba3 Re8 18. Rad1 Qf6 19. Nd2 b5 20. Bc5 b4 21. cxb4 Nd4 22. Qc4 Bg4 23. Ne4 Qe6 24. Qxe6 Rxe6 25. Rd3 Ra6 26. Ng5 h6 27. Nf7+ Kh7 28. Nxe5 Ne2+ 29. Rxe2 Bxe2 30. Rd7 Bb5 31. Re7 Re8 32. Rxe8 Bxe8 33. Nc4 Rxa2 34. Be4 Bb5 35. Nd6 Ra1+ 36. Kg2 Bf1+ 37. Kf3 Ra3+ 38. Kf4 Bd3 39. Bxd3 Rxd3 40. Nb5 a6 41. Nc7 Ra3 42. Ke4 g5 43. Kd5 Kg6 44. b5 Rd3+ 45. Ke4 Rc3 46. bxa6 Rxc5 47. a7 Rc4+ 48. Kf3 g4+ 49. Kg2 Ra4 50. a8=Q Rxa8 51. Nxa8 Kf5 52. Nb6 Ke4 53. Nc4 Bf8 54. Kf1 Bc5 55. Ke2 h5 56. Nd2+ Kf5 57. Nc4 Ke4 58. Ne3 Bb6 59. Ng2 Bc7 60. Ne1 Bb8 61. Nd3 Bd6 62. Nb2 Ba3 63. Nc4 Bc5 1/2-1/2